000 00624nam a2200241Ia 4500
003 OSt
005 20221007081821.0
006 a|||||r|||| 00| 0
007 ta
008 221006b |||||||| |||| 00| 0 eng d
024 _a24,926
037 _cTextual
040 _aFLL
_cFLL
_beng
041 _2eng
_aeng
082 _aZ3,111, M2
100 _aSlomnicka B.I.
_9698116
245 0 _aLaw of child care
250 _a1st
260 _aPlymouth
_bMacdonald & Evans Ltd. Plymouth
_c1982
300 _axlvi,1-415p
_ccm.
942 _hZ3,111, M2
_cTEXL
_2CC
999 _c1164365
_d1164365